Galen On the natural faculties / (Record no. 73060)
[ view plain ]
| 000 -LEADER | |
|---|---|
| fixed length control field | 00816nam a2200241 a 4500 |
| 001 - CONTROL NUMBER | |
| control field | 73060 |
| 003 - CONTROL NUMBER IDENTIFIER | |
| rucl marc code | BD-RjUL |
| 005 - DATE AND TIME OF LATEST TRANSACTION | |
| control field | 20211209082338.0 |
| 008 - FIXED-LENGTH DATA ELEMENTS--GENERAL INFORMATION | |
| fixed length control field | 170527r19471916enk b 001 0 eng |
| 035 ## - SYSTEM CONTROL NUMBER | |
| System control number | (BD-RjUL)73278 |
| 040 ## - CATALOGING SOURCE | |
| Original cataloging agency | DLC |
| Transcribing agency | ODaWU |
| Modifying agency | OCoLC |
| -- | DLC |
| -- | BD-RjUL |
| Language of cataloging | eng |
| 041 0# - LANGUAGE CODE | |
| Language code of text/sound track or separate title | eng |
| 082 ## - DEWEY DECIMAL CLASSIFICATION NUMBER | |
| Edition number | 23 |
| Classification number | 612 |
| Author mark and year | GAL 1947 |
| 245 10 - TITLE STATEMENT | |
| Title | Galen On the natural faculties / |
| Statement of responsibility, etc. | with an English translation by Arthur John Brock ... |
| 260 ## - PUBLICATION, DISTRIBUTION, ETC. (IMPRINT) | |
| Place of publication, distribution, etc. | London, |
| Name of publisher, distributor, etc. | W. Heinemann; |
| Place of publication, distribution, etc. | New York [etc.] |
| Name of publisher, distributor, etc. | D. Appleton and Company, |
| Date of publication, distribution, etc. | 1916. |
| 300 ## - PHYSICAL DESCRIPTION | |
| Pagination | iv, 339, p. ; |
| Size | 17 cm. |
| 490 0# - SERIES STATEMENT | |
| Series statement | The Loeb classical library. [Greek authors] |
| 500 ## - GENERAL NOTE | |
| General note | Includes index |
| 650 ## - SUBJECT ADDED ENTRY--TOPICAL TERM | |
| Topical term or geographic name as entry element | Human Physology |
| 9 (RLIN) | 216110 |
| 700 1# - ADDED ENTRY--PERSONAL NAME | |
| Personal name | Brock, Arthur John, |
| Relator term | tr. |
| 830 ## - SERIES ADDED ENTRY--UNIFORM TITLE | |
| Uniform title | The Loeb classical library. [Greek authors] |
| 942 ## - ADDED ENTRY ELEMENTS (KOHA) | |
| Source of classification or shelving scheme | Dewey Decimal Classification |
| Koha item type | Books |
| Lost status | Source of classification or shelving scheme | Damaged status | Not for loan | Collection code | Permanent Location | Current Location | Shelving location | Date acquired | Source of acquisition | Cost, normal purchase price | Total Checkouts | Full call number | Date last seen | Copy number | Koha item type |
|---|---|---|---|---|---|---|---|---|---|---|---|---|---|---|---|
| Dewey Decimal Classification | Not For Loan | Non-fiction | Central Library, University of Rajshahi | Central Library, University of Rajshahi | Reading Room | 09/03/1955 | Swits and Zeitliner | 15.00 | 612 GAL 1947 | 27/05/2017 | C-1 | Books |